00740nam a2200229 a 45000010005000000030008000050050017000130080041000300350018000710400035000890410008001240820025001321000043001572450108002002500011003082600028003193000033003475040020003806500031004007000044004318300035004759214BD-RjUL20211208234734.0140120s1958 enkaf 001 0 eng d a(BD-RjUL)9259 aBD-RjULbengcBD-RjULdBD-RjUL aeng 2539.74bFAR 1964a231 aFaires, R. A.q(Ronald Arthur),d1910-10aRadioisotope laboratory techniques /cby R.A. Faires and B.H. Parks ; with a foreword by Henry Seligman a1st ed aLondon :bNewnes,c1958 axii, 244 p. :bill. ;c22 cm aIncludes index. 0aRadiochemical laboratories1 aParks, B. H.q(Bertram Hasloch),d1913- 0aNewnes practical science books